000 00386pab a2200145 454500
008 180718b2003 xxu||||| |||| 00| 0 eng d
100 _aBhattacharya, Mihir
245 _aEdward W. said (1935-2003) the critic between the text and the world
260 _c2003
300 _ap.108-12.
362 _aSep-Oct
650 _aSaid, Edward W.
773 _aSocial Scientist
909 _a59351
999 _c59351
_d59351